Countries that has the most firework - Statistics

General Stats
  • This quiz has been taken 18 times
  • The average score is 10 of 15
Answer Stats
Answer % Correct
China
94%
France
94%
Germany
88%
United Kingdom
88%
United States
88%
India
81%
Italy
81%
Japan
81%
Brazil
63%
Netherlands
56%
Poland
56%
Australia
50%
Czech Republic
25%
Singapore
19%
Hungary
6%
No matching quizzes found
Score Distribution
Percent of People with Each Score
Percentile by Number Answered
Your Score History
You have not taken this quiz